<?xml version="1.0" encoding="UTF-8"?><?xml-stylesheet type="text/xsl" href="static/style.xsl"?><OAI-PMH xmlns="http://www.openarchives.org/OAI/2.0/" xmlns:xsi="http://www.w3.org/2001/XMLSchema-instance" xsi:schemaLocation="http://www.openarchives.org/OAI/2.0/ http://www.openarchives.org/OAI/2.0/OAI-PMH.xsd"><responseDate>2026-04-17T16:08:07Z</responseDate><request verb="GetRecord" identifier="oai:www.recercat.cat:10459.1/469006" metadataPrefix="marc">https://recercat.cat/oai/request</request><GetRecord><record><header><identifier>oai:recercat.cat:10459.1/469006</identifier><datestamp>2025-11-17T19:34:22Z</datestamp><setSpec>com_2072_3622</setSpec><setSpec>col_2072_479130</setSpec></header><metadata><record xmlns="http://www.loc.gov/MARC21/slim" xmlns:dcterms="http://purl.org/dc/terms/" xmlns:xsi="http://www.w3.org/2001/XMLSchema-instance" xmlns:doc="http://www.lyncode.com/xoai" xsi:schemaLocation="http://www.loc.gov/MARC21/slim http://www.loc.gov/standards/marcxml/schema/MARC21slim.xsd">
   <leader>00925njm 22002777a 4500</leader>
   <datafield ind2=" " ind1=" " tag="042">
      <subfield code="a">dc</subfield>
   </datafield>
   <datafield ind2=" " ind1=" " tag="720">
      <subfield code="a">Pascual Lucas, María</subfield>
      <subfield code="e">author</subfield>
   </datafield>
   <datafield ind2=" " ind1=" " tag="720">
      <subfield code="a">Lacosta, Ana María</subfield>
      <subfield code="e">author</subfield>
   </datafield>
   <datafield ind2=" " ind1=" " tag="720">
      <subfield code="a">Montañés, María</subfield>
      <subfield code="e">author</subfield>
   </datafield>
   <datafield ind2=" " ind1=" " tag="720">
      <subfield code="a">Canudas, Jesús</subfield>
      <subfield code="e">author</subfield>
   </datafield>
   <datafield ind2=" " ind1=" " tag="720">
      <subfield code="a">Loscos, Jorge</subfield>
      <subfield code="e">author</subfield>
   </datafield>
   <datafield ind2=" " ind1=" " tag="720">
      <subfield code="a">Monleón, Inmaculada</subfield>
      <subfield code="e">author</subfield>
   </datafield>
   <datafield ind2=" " ind1=" " tag="720">
      <subfield code="a">Allué, José Antonio</subfield>
      <subfield code="e">author</subfield>
   </datafield>
   <datafield ind2=" " ind1=" " tag="720">
      <subfield code="a">Sarasa, Leticia</subfield>
      <subfield code="e">author</subfield>
   </datafield>
   <datafield ind2=" " ind1=" " tag="720">
      <subfield code="a">Fandos, Noelia</subfield>
      <subfield code="e">author</subfield>
   </datafield>
   <datafield ind2=" " ind1=" " tag="720">
      <subfield code="a">Romero, Judith</subfield>
      <subfield code="e">author</subfield>
   </datafield>
   <datafield ind2=" " ind1=" " tag="720">
      <subfield code="a">Sarasa, Manuel</subfield>
      <subfield code="e">author</subfield>
   </datafield>
   <datafield ind2=" " ind1=" " tag="720">
      <subfield code="a">Torres, Mireia</subfield>
      <subfield code="e">author</subfield>
   </datafield>
   <datafield ind2=" " ind1=" " tag="720">
      <subfield code="a">Whyms, Dermot</subfield>
      <subfield code="e">author</subfield>
   </datafield>
   <datafield ind2=" " ind1=" " tag="720">
      <subfield code="a">Terencio, Jose</subfield>
      <subfield code="e">author</subfield>
   </datafield>
   <datafield ind2=" " ind1=" " tag="720">
      <subfield code="a">Piñol Ripoll, Gerard</subfield>
      <subfield code="e">author</subfield>
   </datafield>
   <datafield ind2=" " ind1=" " tag="720">
      <subfield code="a">Boada, Mercè</subfield>
      <subfield code="e">author</subfield>
   </datafield>
   <datafield ind2=" " ind1=" " tag="260">
      <subfield code="c">2025-09</subfield>
   </datafield>
   <datafield ind2=" " ind1=" " tag="520">
      <subfield code="a">Introduction: ABvac40 is an investigational active immunotherapy (vaccine) targeting Aβ40. This study assessed the safety and immunogenicity of ABvac40 in patients with amnestic mild cognitive impairment or very mild Alzheimer's disease.

Methods: AB1601 was a multicenter, randomized, double-blind, placebo-controlled phase 2 study. Patients (n = 124) received five monthly injections plus a 10-month booster of ABvac40 or placebo, with 18-24 months of follow-up. Primary endpoints included safety, tolerability, and immunogenicity. Secondary endpoints assessed immune response, neuropsychological changes, and disease biomarkers.

Results: Treatment-emergent adverse events (TEAEs) and serious TEAEs were comparable between ABvac40 (90.6% and 26.6%) and placebo (93.3% and 26.7%). Amyloid-related imaging abnormalities-hemorrhage (ARIA-H) were similar (12.5% ABvac40; 15.0% placebo), with no ARIA-edema (ARIA-E) or meningoencephalomyelitis. ABvac40 induced a specific, sustained immune response in plasma, with detectable antibodies in CSF.
Discussion: These findings support further investigation of ABvac40 as a potential disease-modifying therapy.

Clinical trial registration number: NCT03461276 (ClinicalTrials.gov) HIGHLIGHTS: ABvac40 was safe and well-tolerated in early-stage Alzheimer's disease patients. No amyloid-related imaging abnormalities-edema (ARIA-E) or encephalitis observed; ARIA-hemorrhage (ARIA-H) rates were similar across groups. Specific, sustained immune response to ABvac40 in plasma, with cerebrospinal fluid (CSF) antibody penetration. Cognitive scales and magnetic resonance imaging (MRI) volumetric data favored ABvac40 over placebo. Results support further development of ABvac40 as a disease-modifying therapy.</subfield>
   </datafield>
   <datafield ind1="8" ind2=" " tag="024">
      <subfield code="a">http://hdl.handle.net/10459.1/469006</subfield>
   </datafield>
   <datafield tag="653" ind2=" " ind1=" ">
      <subfield code="a">ABvac40</subfield>
   </datafield>
   <datafield tag="653" ind2=" " ind1=" ">
      <subfield code="a">Alzheimer's disease</subfield>
   </datafield>
   <datafield tag="653" ind2=" " ind1=" ">
      <subfield code="a">Aβ40</subfield>
   </datafield>
   <datafield tag="653" ind2=" " ind1=" ">
      <subfield code="a">Active immunotherapy</subfield>
   </datafield>
   <datafield tag="653" ind2=" " ind1=" ">
      <subfield code="a">Clinical trial</subfield>
   </datafield>
   <datafield ind2="0" ind1="0" tag="245">
      <subfield code="a">Safety, tolerability, immunogenicity, and efficacy of ABvac40 active immunotherapy against Aβ40 in patients with mild cognitive impairment or very mild Alzheimer's disease: A randomized, double-blind, placebo-controlled phase 2 study</subfield>
   </datafield>
</record></metadata></record></GetRecord></OAI-PMH>